000 00454nam a2200181Ia 4500
005 20240823043657.0
008 240823s9999||||xx |||||||||||||| ||und||
041 _aENGLISH
082 _A5.43
100 _aPratheeba Publishers
245 0 _aComputer Science and Engineering (2 marks)
250 _a1st
260 _c1990
_b"Pratheeba ,Coimbatore"
500 _aTRANSFERED
650 _aComputer
_bComputer Science
942 _cBK
999 _c210783
_d210783